[Event "New York Spring IM-C"]
[Site "New York"]
[Date "2023.04.09"]
[Round "8"]
[White "Wang, Jalen"]
[Black "Liu, Eric"]
[Result "0-1"]
[WhiteElo "2136"]
[BlackElo "2299"]
[PlyCount "138"]
[EventDate "2023.04.05"]
[EventType "tourn"]
[EventRounds "9"]
[EventCountry "USA"]
[SourceTitle "CBM 213 Extra"]
[Source "ChessBase"]
[SourceDate "2023.05.31"]
[SourceVersion "1"]
[SourceVersionDate "2023.05.31"]
[SourceQuality "1"]

1. a3 Nf6 2. b4 d6 3. Bb2 e5 4. c4 Nbd7 5. g3 c6 6. Bg2 Be7 7. Nf3 e4 8. Nd4 Ne5 9. Qb3 h5 10. Nc2 h4 11. Bxe5 dxe5 12. Nc3 Bf5 13. Ne3 Bg6 14. g4 h3 15. Bf1 Qd7 16. Rg1 Nh7 17. Bxh3 Ng5 18. Bg2 Rxh2 19. 0-0-0 0-0-0 20. Qa4 Kb8 21. Kb2 Qd4 22. Qb3 Ne6 23. Nf5 Bxf5 24. gxf5 Nf4 25. e3 Nd3+ 26. Ka1 Qd7 27. Nxe4 Qxf5 28. Ng3 Qg4 29. b5 c5 30. Bd5 Nxf2 31. Ne4 Qh5 32. Nxf2 Rxf2 33. Rxg7 e4 34. Kb1 Bf6 35. Rgg1 Qh2 36. Rgf1 Rxf1 37. Rxf1 Qe5 38. Qc3 Qxd5 39. cxd5 Bxc3 40. dxc3 Rxd5 41. Rxf7 Rd3 42. Kc2 Rxe3 43. Re7 c4 44. Kd2 Rd3+ 45. Kc2 e3 46. Re4 Rd2+ 47. Kc1 Ra2 48. Rxe3 Rxa3 49. Kd2 Ra2+ 50. Kc1 Kc7 51. Re4 Ra4 52. Re6 Ra2 53. Rh6 Rg2 54. Rf6 Rg5 55. Rf4 Rc5 56. Kd2 Kb6 57. Ke3 Kxb5 58. Kd4 b6 59. Rf1 a5 60. Rb1+ Ka6 61. Rh1 a4 62. Rh8 Kb5 63. Rh1 a3 64. Rb1+ Ka4 65. Rxb6 Rb5 66. Ra6+ Ra5 67. Rh6 a2 68. Rh1 Kb3 69. Ra1 Ra4 0-1

[Event "Titled Tuesday intern op 07th Feb Late"]
[Site "Chess.com INT"]
[Date "2023.02.07"]
[Round "4"]
[White "Rosenberg, Evan"]
[Black "Wang, Jalen"]
[Result "0-1"]
[WhiteElo "1997"]
[BlackElo "2136"]
[PlyCount "172"]
[EventDate "2023.02.07"]
[EventType "swiss (blitz)"]
[EventRounds "11"]
[EventCountry "USA"]
[SourceTitle "EXT 2024"]
[Source "ChessBase"]
[SourceDate "2023.10.10"]
[SourceVersion "1"]
[SourceVersionDate "2023.10.10"]
[SourceQuality "1"]

1. d4 f5 2. Bg5 g6 3. e3 Bg7 4. Nc3 Nf6 5. Bc4 e6 6. h4 h6 7. Bxf6 Qxf6 8. Nge2 d5 9. Bd3 c6 10. Nf4 0-0 11. h5 g5 12. Ng6 Re8 13. g4 Nd7 14. Qe2 Nf8 15. Ne5 Qe7 16. 0-0-0 Bxe5 17. dxe5 Qg7 18. f4 Kh8 19. Rdg1 b5 20. Qd2 b4 21. Ne2 c5 22. gxf5 exf5 23. Ng3 Qf7 24. fxg5 hxg5 25. Qf2 Rxe5 26. e4 f4 27. exd5 Qxd5 28. h6 Be6 29. b3 Rd8 30. Nh5 Re3 31. Nxf4 Qe5 32. Rxg5 Qxg5 33. Qxe3 Qf6 34. Nxe6 Nxe6 35. Rf1 Qa1+ 36. Kd2 Qc3+ 37. Kc1 Qa1+ 38. Kd2 Qxf1 39. Qe5+ Kg8 40. Qxe6+ Qf7 41. h7+ Kg7 42. Qxf7+ Kxf7 43. Ke3 Ke6 44. Ke4 Rd4+ 45. Ke3 Rh4 46. Kd2 Ke5 47. Kc1 Kd4 48. Kb2 a5 49. Bg6 Rh6 50. Bd3 Rh3 51. a3 Rh2 52. axb4 axb4 53. Bg6 Ke5 54. Bd3 Kf6 55. Be4 Rh4 56. Bd3 Kg7 57. Kc1 Rh2 58. Kb2 Kf6 59. Kc1 Ke5 60. Kb2 Kd4 61. Kc1 Kc3 62. Kd1 Rh3 63. Ke2 Kd4 64. Kf2 c4 65. Bxc4 Rxh7 66. Bd3 Rh2+ 67. Kf3 Kc3 68. Ke3 Rh3+ 69. Ke4 Rxd3 70. cxd3 Kxb3 71. d4 Kc3 72. d5 b3 73. d6 b2 74. d7 b1Q+ 75. Kd5 Qb8 76. Kc6 Qd8 77. Kd6 Kd4 78. Kc6 Ke5 79. Kc5 Ke6 80. Kc6 Qxd7+ 81. Kb6 Qc8 82. Ka7 Kd5 83. Kb6 Qc6+ 84. Ka7 Qb5 85. Ka8 Kc6 86. Ka7 Qb7# 0-1

[Event "Titled Tuesday intern op 18th Oct Early"]
[Site "Chess.com INT"]
[Date "2022.10.18"]
[Round "2"]
[White "Dudzinski, Pawel"]
[Black "Wang, Jalen"]
[Result "0-1"]
[WhiteElo "2186"]
[BlackElo "2134"]
[PlyCount "76"]
[EventDate "2022.10.18"]
[EventType "swiss (blitz)"]
[EventRounds "11"]
[EventCountry "USA"]
[SourceTitle "EXT 2024"]
[Source "ChessBase"]
[SourceDate "2023.10.10"]
[SourceVersion "1"]
[SourceVersionDate "2023.10.10"]
[SourceQuality "1"]

1. e4 c5 2. c4 Nc6 3. Nc3 g6 4. g3 Bg7 5. Bg2 Nf6 6. Rb1 0-0 7. Nge2 d6 8. d3 Bg4 9. f3 Bd7 10. Be3 Qc8 11. 0-0 Bh3 12. Bxh3 Qxh3 13. d4 cxd4 14. Nxd4 Rac8 15. b3 h5 16. Nxc6 bxc6 17. Ne2 a5 18. Qd2 a4 19. b4 Qe6 20. Qd3 Nd7 21. f4 Nf6 22. Nc3 Ng4 23. Bd4 h4 24. Bxg7 Kxg7 25. Nxa4 hxg3 26. hxg3 Ra8 27. Nc3 Rh8 28. Rb3 Qf6 29. Rb2 Ra3 30. Rc1 e5 31. Qf3 exf4 32. gxf4 Qd4+ 33. Kg2 Rh2+ 34. Kg3 Rxb2 35. Kxg4 Ra8 36. Qh3 f5+ 37. exf5 gxf5+ 38. Kf3 Qd3# 0-1

[Event "Titled Tuesday intern op 18th Oct Early"]
[Site "Chess.com INT"]
[Date "2022.10.18"]
[Round "4"]
[White "Wang, Jalen"]
[Black "Shimanov, Aleksandr"]
[Result "0-1"]
[WhiteElo "2134"]
[BlackElo "2581"]
[PlyCount "54"]
[EventDate "2022.10.18"]
[EventType "swiss (blitz)"]
[EventRounds "11"]
[EventCountry "USA"]
[SourceTitle "EXT 2024"]
[Source "ChessBase"]
[SourceDate "2023.10.10"]
[SourceVersion "1"]
[SourceVersionDate "2023.10.10"]
[SourceQuality "1"]

1. d4 d5 2. Bf4 c5 3. c3 Nc6 4. e3 Qb6 5. Qb3 c4 6. Qc2 e5 7. dxe5 Bf5 8. Qc1 g5 9. Bg3 Bg7 10. Nf3 h6 11. Nd4 Nge7 12. h4 Nxe5 13. hxg5 hxg5 14. Rxh8+ Bxh8 15. Nxf5 Nxf5 16. Bxe5 Bxe5 17. Nd2 Nxe3 18. fxe3 Qxe3+ 19. Kd1 Bf4 20. Kc2 d4 21. Bxc4 dxc3 22. bxc3 0-0-0 23. Qe1 Rxd2+ 24. Kb3 Qb6+ 25. Ka4 Qc6+ 26. Bb5 Qxc3 27. Qe8+ Rd8 0-1

[Event "Titled Tuesday intern op 12th Apr Late"]
[Site "Chess.com INT"]
[Date "2022.04.12"]
[Round "7"]
[White "Moussard, Jules"]
[Black "Wang, Jalen"]
[Result "1-0"]
[WhiteElo "2630"]
[BlackElo "2123"]
[PlyCount "65"]
[EventDate "2022.04.12"]
[EventType "swiss (blitz)"]
[EventRounds "11"]
[EventCountry "USA"]
[SourceTitle "CBM 207 Extra"]
[Source "ChessBase"]
[SourceDate "2022.05.31"]
[SourceVersion "1"]
[SourceVersionDate "2022.05.31"]
[SourceQuality "1"]

1. d3 f5 2. e4 fxe4 3. dxe4 e6 4. Nc3 g6 5. h4 d6 6. h5 g5 7. h6 Bxh6 8. Qh5+ Kd7 9. Nf3 Nc6 10. Bb5 a6 11. Bxc6+ Kxc6 12. Be3 b6 13. 0-0-0 Bg7 14. e5 d5 15. Nxg5 Nh6 16. Nxe6 Bxe6 17. Bxh6 Qe7 18. Bxg7 Qxg7 19. Qh6 Qf7 20. Nxd5 Kb7 21. Nf4 Bf5 22. e6 Qe7 23. Qh5 Raf8 24. Qf3+ Kb8 25. g3 Qc5 26. Qc3 Qxf2 27. Rhe1 Re8 28. e7 h5 29. Re2 Qc5 30. Qxc5 bxc5 31. Rd5 Bg4 32. Re3 Rh7 33. Rd8+ 1-0

[Event "Titled Tuesday intern op 12th Apr Late"]
[Site "Chess.com INT"]
[Date "2022.04.12"]
[Round "5"]
[White "Ozdemir, Serhan Berat"]
[Black "Wang, Jalen"]
[Result "0-1"]
[WhiteElo "2176"]
[BlackElo "2123"]
[PlyCount "76"]
[EventDate "2022.04.12"]
[EventType "swiss (blitz)"]
[EventRounds "11"]
[EventCountry "USA"]
[SourceTitle "CBM 207 Extra"]
[Source "ChessBase"]
[SourceDate "2022.05.31"]
[SourceVersion "1"]
[SourceVersionDate "2022.05.31"]
[SourceQuality "1"]

1. e4 c5 2. Nf3 d6 3. d4 cxd4 4. Nxd4 Nf6 5. Nc3 a6 6. f3 e5 7. Nb3 Be6 8. Be3 Be7 9. Qd2 h5 10. Nd5 Bxd5 11. exd5 Nbd7 12. Na5 Qc7 13. c4 e4 14. Be2 exf3 15. Bxf3 Ne5 16. Be2 Nfg4 17. Bd4 b6 18. Nc6 Nxc6 19. dxc6 Ne5 20. 0-0 Qxc6 21. Bxe5 dxe5 22. Bf3 Qc5+ 23. Kh1 Rd8 24. Bd5 Bf6 25. Qe2 Qe7 26. Rae1 g6 27. Rxf6 Qxf6 28. Rf1 Qg5 29. Bxf7+ Ke7 30. c5 Rhf8 31. Qc4 Rd4 32. Qe6+ Kd8 33. cxb6 Qe7 34. Qxe7+ Kxe7 35. Bc4 Rxc4 36. Re1 Rb4 37. Rxe5+ Kd6 38. Re1 Rxb2 0-1

[Event "Titled Tuesday intern op 01st Feb-A"]
[Site "Chess.com INT"]
[Date "2022.02.01"]
[Round "1"]
[White "Oye Stromberg, Alexander"]
[Black "Wang, Jalen"]
[Result "1-0"]
[WhiteElo "2238"]
[BlackElo "2123"]
[PlyCount "79"]
[EventDate "2022.02.01"]
[EventType "swiss (blitz)"]
[EventRounds "11"]
[EventCountry "USA"]
[SourceTitle "CBM 206 Extra"]
[Source "ChessBase"]
[SourceDate "2022.03.31"]
[SourceVersion "1"]
[SourceVersionDate "2022.03.31"]
[SourceQuality "1"]

1. e4 c5 2. a3 d6 3. b4 cxb4 4. axb4 g6 5. d4 Bg7 6. c3 Nf6 7. Bd3 0-0 8. Ne2 Nc6 9. b5 Nb8 10. 0-0 Nbd7 11. h3 Nb6 12. Be3 Be6 13. Nd2 Qc7 14. c4 Bxc4 15. Rc1 d5 16. exd5 Nfxd5 17. Nxc4 Nxc4 18. Bxc4 Qd7 19. Nc3 Nb6 20. Be2 Rac8 21. Qb3 Kh8 22. Rfd1 f5 23. Bf4 h6 24. Be5 e6 25. Bxg7+ Kxg7 26. Bf3 g5 27. Qb2 Nc4 28. Qa1 b6 29. Bc6 Qf7 30. d5 e5 31. Ne2 Na5 32. Qxe5+ Kh7 33. d6 Rcd8 34. Ng3 h5 35. Nxf5 Nxc6 36. bxc6 Rde8 37. Qd5 Qf6 38. d7 Re5 39. d8Q Qxf5 40. Q8d7+ 1-0

[Event "Titled Tuesday intern op 16th Feb"]
[Site "Chess.com INT"]
[Date "2021.02.16"]
[Round "1"]
[White "Wang, Jalen"]
[Black "Martin Carmona, Gaston Manuel"]
[Result "0-1"]
[WhiteElo "2123"]
[BlackElo "2285"]
[PlyCount "66"]
[EventDate "2021.02.16"]
[EventType "swiss (blitz)"]
[EventRounds "11"]
[EventCountry "USA"]
[SourceTitle "EXT 2022"]
[Source "ChessBase"]
[SourceDate "2021.10.06"]
[SourceVersion "1"]
[SourceVersionDate "2021.10.06"]
[SourceQuality "1"]

1. d4 Nf6 2. Bf4 e6 3. e3 d5 4. Nd2 c5 5. c3 Bd6 6. Bxd6 Qxd6 7. f4 0-0 8. Ngf3 b6 9. Bd3 Ba6 10. Bxa6 Nxa6 11. Qe2 Nc7 12. Ne5 Nd7 13. 0-0 f6 14. Nxd7 Qxd7 15. a4 Ne8 16. dxc5 bxc5 17. e4 d4 18. cxd4 Qxd4+ 19. Qf2 Qxb2 20. Rfc1 Rd8 21. Nf3 Qxf2+ 22. Kxf2 Nd6 23. Ke3 f5 24. Ng5 fxe4 25. Nxe6 Nf5+ 26. Kf2 Rd2+ 27. Ke1 Rxg2 28. Nxf8 Kxf8 29. Rab1 Nd4 30. Rb7 e3 31. Kf1 Rf2+ 32. Kg1 Nf3+ 33. Kh1 Rxh2# 0-1

[Event "Chess.com Bullet op1"]
[Site "Chess.com INT"]
[Date "2020.12.19"]
[Round "6"]
[White "Atanejhad, Sahebali"]
[Black "Wang, Jalen"]
[Result "0-1"]
[WhiteElo "2123"]
[BlackElo "2123"]
[PlyCount "100"]
[EventDate "2020.12.19"]
[EventType "swiss (blitz)"]
[EventRounds "21"]
[EventCountry "USA"]
[SourceTitle "EXT 2022"]
[Source "ChessBase"]
[SourceDate "2021.10.06"]
[SourceVersion "1"]
[SourceVersionDate "2021.10.06"]
[SourceQuality "1"]

1. e4 c5 2. Nf3 d6 3. d4 cxd4 4. Nxd4 Nf6 5. Nc3 a6 6. Be3 e5 7. Nb3 Be6 8. Qd2 Be7 9. f3 h5 10. 0-0-0 Nbd7 11. Kb1 b5 12. a3 Qc7 13. Na2 Nc5 14. Nxc5 dxc5 15. Nc3 0-0 16. Nd5 Bxd5 17. exd5 Rfd8 18. c4 bxc4 19. Bxc4 Bd6 20. Qc3 Nd7 21. g4 Nb6 22. gxh5 Rab8 23. Rhg1 Na4 24. Qc2 Rxb2+ 25. Qxb2 Nxb2 26. Kxb2 Rb8+ 27. Ka2 Qa5 28. Rc1 Kh8 29. Rg2 Qa4 30. Rgc2 f5 31. h6 gxh6 32. Bxh6 e4 33. fxe4 fxe4 34. Be3 Be5 35. Bxc5 Rc8 36. Bb4 a5 37. Bb3 Rxc2+ 38. Rxc2 Qb5 39. Bc3 Bxc3 40. Rxc3 a4 41. Bc4 Qa5 42. Rc2 e3 43. d6 Qd8 44. d7 Qxd7 45. Re2 Qd4 46. Bb5 Kg7 47. Kb1 Kf6 48. Kc2 Ke5 49. Bd3 Kf4 50. Bb5 Qc5+ 0-1

[Event "Chess.com Bullet op1"]
[Site "Chess.com INT"]
[Date "2020.12.19"]
[Round "12"]
[White "De Silva, LMST"]
[Black "Wang, Jalen"]
[Result "0-1"]
[WhiteElo "2085"]
[BlackElo "2123"]
[PlyCount "68"]
[EventDate "2020.12.19"]
[EventType "swiss (blitz)"]
[EventRounds "21"]
[EventCountry "USA"]
[SourceTitle "EXT 2022"]
[Source "ChessBase"]
[SourceDate "2021.10.06"]
[SourceVersion "1"]
[SourceVersionDate "2021.10.06"]
[SourceQuality "1"]

1. e4 c5 2. Nf3 d6 3. Bb5+ Bd7 4. Bxd7+ Qxd7 5. c4 e5 6. Nc3 Nc6 7. 0-0 Nge7 8. d3 g6 9. a3 Bg7 10. b4 cxb4 11. axb4 Nxb4 12. Ba3 Nbc6 13. Nb5 Nc8 14. d4 a6 15. Nc3 exd4 16. Nd5 0-0 17. Rb1 Re8 18. Re1 h6 19. Nb6 Nxb6 20. Rxb6 Qe6 21. Rxb7 Qxc4 22. Bxd6 Rad8 23. e5 d3 24. Nd2 Qd5 25. f3 Nxe5 26. Bxe5 Qxb7 27. Bxg7 Rxe1+ 28. Qxe1 Kxg7 29. Qe5+ Kg8 30. Kf2 Qb6+ 31. Kg3 Qd6 32. Qxd6 Rxd6 33. Kf4 Re6 34. Ne4 Rxe4+ 0-1

[Event "Chess.com Bullet op2"]
[Site "Chess.com INT"]
[Date "2020.12.19"]
[Round "3"]
[White "Oparin, Grigoriy"]
[Black "Wang, Jalen"]
[Result "1/2-1/2"]
[WhiteElo "2652"]
[BlackElo "2123"]
[PlyCount "117"]
[EventDate "2020.12.19"]
[EventType "swiss (blitz)"]
[EventRounds "21"]
[EventCountry "USA"]
[SourceTitle "EXT 2022"]
[Source "ChessBase"]
[SourceDate "2021.10.06"]
[SourceVersion "1"]
[SourceVersionDate "2021.10.06"]
[SourceQuality "1"]

1. d4 g6 2. c3 Bg7 3. Nf3 c6 4. g3 d5 5. Bg2 Nf6 6. 0-0 0-0 7. Nbd2 Nbd7 8. Re1 Re8 9. Ne5 Nxe5 10. dxe5 Nd7 11. f4 f6 12. exf6 exf6 13. e4 dxe4 14. Nxe4 f5 15. Ng5 Rxe1+ 16. Qxe1 Nf6 17. Be3 h6 18. Rd1 Qe8 19. Nf3 Be6 20. Ne5 Bd5 21. Bd4 Bxg2 22. Kxg2 Nd5 23. Nf3 Qf7 24. Bxg7 Qxg7 25. Ne5 Re8 26. c4 Nf6 27. Qd2 Ne4 28. Qd7 Re7 29. Qd8+ Kh7 30. Rd7 Rxd7 31. Qxd7 Qxd7 32. Nxd7 Nd2 33. b3 Ne4 34. Kf3 Nc3 35. Ke3 Nxa2 36. Nc5 b6 37. Ne6 Nc1 38. b4 Na2 39. b5 cxb5 40. cxb5 Nc3 41. Nd4 Kg7 42. Kd3 Nd5 43. Kc4 Ne3+ 44. Kd3 Ng4 45. Nc6 Nxh2 46. Nxa7 Nf3 47. Nc8 g5 48. Nxb6 gxf4 49. gxf4 Ne1+ 50. Ke2 Nc2 51. Kf2 Nd4 52. Nc4 Nxb5 53. Ne3 Nd6 54. Ng2 Kf6 55. Kf3 Kg6 56. Nh4+ Kf6 57. Ng2 Ne4 58. Ne3 Nd6 59. Ng2 1/2-1/2

[Event "Chess.com Bullet op2"]
[Site "Chess.com INT"]
[Date "2020.12.19"]
[Round "6"]
[White "Sadhwani, Raunak"]
[Black "Wang, Jalen"]
[Result "1-0"]
[WhiteElo "2545"]
[BlackElo "2123"]
[PlyCount "83"]
[EventDate "2020.12.19"]
[EventType "swiss (blitz)"]
[EventRounds "21"]
[EventCountry "USA"]
[SourceTitle "EXT 2022"]
[Source "ChessBase"]
[SourceDate "2021.10.06"]
[SourceVersion "1"]
[SourceVersionDate "2021.10.06"]
[SourceQuality "1"]

1. Nf3 g6 2. g3 Bg7 3. d4 d6 4. Bg2 Nd7 5. 0-0 Ngf6 6. c4 0-0 7. Nc3 Re8 8. e4 e5 9. d5 Nc5 10. Qe2 a5 11. b3 b6 12. Bb2 Na6 13. Rfe1 Nd7 14. Nd2 Ndc5 15. a3 Nb7 16. Rac1 Nbc5 17. Nb5 Bd7 18. Nc3 a4 19. b4 Nb3 20. Nxb3 axb3 21. Qd1 b5 22. cxb5 Nb8 23. Qxb3 Qc8 24. a4 Qb7 25. Qc4 f5 26. exf5 Bxf5 27. a5 Nd7 28. Ne4 Bxe4 29. Bxe4 Nf6 30. Bg2 Rab8 31. Qxc7 Qxb5 32. Qxd6 Qxb4 33. Qxb4 Rxb4 34. Bxe5 Ra4 35. Bc7 Rxe1+ 36. Rxe1 Kf7 37. d6 Ng4 38. d7 Bf6 39. d8Q Bxd8 40. Bxd8 h5 41. Bb6 Ra2 42. Bd5+ 1-0

[Event "Chess.com Bullet op1"]
[Site "Chess.com INT"]
[Date "2020.12.19"]
[Round "11"]
[White "Wang, Jalen"]
[Black "Koksal, Ege"]
[Result "1-0"]
[WhiteElo "2123"]
[BlackElo "2353"]
[PlyCount "133"]
[EventDate "2020.12.19"]
[EventType "swiss (blitz)"]
[EventRounds "21"]
[EventCountry "USA"]
[SourceTitle "EXT 2022"]
[Source "ChessBase"]
[SourceDate "2021.10.06"]
[SourceVersion "1"]
[SourceVersionDate "2021.10.06"]
[SourceQuality "1"]

1. d4 c6 2. Bf4 d5 3. e3 Nf6 4. Bd3 Bg4 5. f3 Bh5 6. Ne2 Nbd7 7. 0-0 e6 8. c4 Be7 9. Nbc3 0-0 10. e4 dxe4 11. fxe4 e5 12. Be3 Ng4 13. Qd2 Nxe3 14. Qxe3 exd4 15. Nxd4 Bc5 16. Na4 Qe7 17. Nxc5 Qxc5 18. Nf5 Bg6 19. Qxc5 Nxc5 20. Bc2 Rfd8 21. Rf2 b6 22. Re1 Bxf5 23. exf5 Kf8 24. g4 Rd4 25. h3 Rxc4 26. Rfe2 Rd8 27. a3 h6 28. b4 Nb7 29. Bb3 Rcd4 30. Bxf7 Kxf7 31. Re7+ Kf6 32. Rxb7 Rd1 33. Kf2 R8d2+ 34. Re2 Rxe2+ 35. Kxe2 Rh1 36. Rxa7 Rxh3 37. Ra6 Rg3 38. Rxb6 Rxa3 39. Rxc6+ Ke5 40. Rg6 Rb3 41. Rxg7 Rxb4 42. Rg6 Rf4 43. Ke3 Rf1 44. Re6+ Kd5 45. Rxh6 Ke5 46. Re6+ Kd5 47. Ke2 Rg1 48. Kf3 Rf1+ 49. Kg3 Rh1 50. Kf4 Rg1 51. Kg5 Rf1 52. Kf6 Re1 53. g5 Rd1 54. g6 Rg1 55. g7 Rxg7 56. Kxg7 Kd4 57. Kf6 Kc4 58. Ke7 Kb3 59. f6 Kb4 60. f7 Ka5 61. f8Q Kb5 62. Kf7 Ka5 63. Qe7 Ka4 64. Qd7+ Kb3 65. Rc6 Ka4 66. Qb7 Ka5 67. Ra6# 1-0

[Event "Chess.com Bullet op2"]
[Site "Chess.com INT"]
[Date "2020.12.19"]
[Round "5"]
[White "Wang, Jalen"]
[Black "Starozhilov, Leonid"]
[Result "1-0"]
[WhiteElo "2123"]
[BlackElo "2318"]
[PlyCount "137"]
[EventDate "2020.12.19"]
[EventType "swiss (blitz)"]
[EventRounds "21"]
[EventCountry "USA"]
[SourceTitle "EXT 2022"]
[Source "ChessBase"]
[SourceDate "2021.10.06"]
[SourceVersion "1"]
[SourceVersionDate "2021.10.06"]
[SourceQuality "1"]

1. b3 d6 2. Bb2 Nf6 3. e3 Nbd7 4. Nf3 e5 5. d4 e4 6. Nfd2 c6 7. Be2 d5 8. 0-0 Bd6 9. c4 h5 10. h3 Bb8 11. Nc3 0-0 12. f4 exf3 13. Nxf3 g6 14. Bd3 Qe7 15. Qd2 Ne4 16. Qc2 Ndf6 17. Rae1 Bf5 18. Ne5 Nd7 19. Nxe4 Nxe5 20. dxe5 dxe4 21. Bxe4 Be6 22. Bxg6 Bc7 23. Bh7+ Kh8 24. Bf5 Rg8 25. Bxe6 fxe6 26. Rf6 Rg7 27. Ref1 Bb6 28. Qe2 Rh7 29. Qf3 Rg8 30. Bd4 Bd8 31. Rf7 Rxf7 32. Qxf7 Qxf7 33. Rxf7 Rg7 34. Rxg7 Kxg7 35. Bxa7 b6 36. Bb8 Kg6 37. Kf2 Kf5 38. Kf3 h4 39. e4+ Kg6 40. Kg4 Kf7 41. Bd6 Ke8 42. g3 hxg3 43. Kxg3 Kf7 44. Kg4 Kg6 45. b4 Kh6 46. a4 Kg6 47. c5 bxc5 48. Bxc5 Bc7 49. Bd4 Bd8 50. a5 Kf7 51. a6 Bb6 52. Bxb6 Ke7 53. Bc5+ Kd7 54. a7 Kc7 55. Kg5 Kb7 56. h4 Ka8 57. h5 Kb7 58. h6 Ka8 59. h7 Kb7 60. h8Q Ka6 61. Qf6 Kb5 62. Qxe6 Ka6 63. Qc4+ Kb7 64. e6 Ka8 65. e7 Kb7 66. Kf6 Kc7 67. e8Q Kb7 68. Qe7+ Ka8 69. Qg8# 1-0

[Event "Chess.com Bullet op1"]
[Site "Chess.com INT"]
[Date "2020.12.19"]
[Round "5"]
[White "Wang, Jalen"]
[Black "Sviridova, Vlada"]
[Result "1-0"]
[WhiteElo "2123"]
[BlackElo "2144"]
[PlyCount "127"]
[EventDate "2020.12.19"]
[EventType "swiss (blitz)"]
[EventRounds "21"]
[EventCountry "USA"]
[SourceTitle "EXT 2022"]
[Source "ChessBase"]
[SourceDate "2021.10.06"]
[SourceVersion "1"]
[SourceVersionDate "2021.10.06"]
[SourceQuality "1"]

1. d4 d5 2. Bf4 Nf6 3. e3 c5 4. dxc5 Nc6 5. Nf3 e6 6. Nbd2 Bxc5 7. a3 0-0 8. b4 Bd6 9. Bg3 e5 10. Be2 e4 11. Nd4 Nxd4 12. exd4 Bxg3 13. hxg3 Qb6 14. Nb3 a6 15. 0-0 Bd7 16. Nc5 Bb5 17. c3 Bxe2 18. Qxe2 Rac8 19. Rac1 Rfd8 20. c4 dxc4 21. Rxc4 Re8 22. Rfc1 Rcd8 23. Nb3 h6 24. Rc7 Rd7 25. Rxd7 Nxd7 26. Qc4 Nf6 27. Qc7 Qb5 28. Nc5 e3 29. fxe3 Qe2 30. Qf4 Rxe3 31. Rf1 Re8 32. Nxb7 Qe3+ 33. Qxe3 Rxe3 34. Rf3 Re2 35. Nc5 Nd5 36. Kf1 Ra2 37. Nxa6 g5 38. g4 Nf4 39. g3 Nh3 40. Nc5 h5 41. gxh5 g4 42. Re3 Ra1+ 43. Ke2 Ra2+ 44. Kd1 Ng5 45. b5 Nf3 46. b6 Ra1+ 47. Kc2 Ra2+ 48. Kd3 Rb2 49. Ke4 Nd2+ 50. Kf4 Nc4 51. Kxg4 Nxe3+ 52. Kf3 Nd5 53. b7 Rb6 54. Ke4 Nc3+ 55. Kd3 Na4 56. Kc4 Rxb7 57. Nxa4 Ra7 58. Nc5 Rxa3 59. Kd5 Ra1 60. Ne4 Rc1 61. Nf6+ Kh8 62. Ne4 Ra1 63. Ke5 Ra5+ 64. Kf4 1-0

[Event "Chess.com Bullet op1"]
[Site "Chess.com INT"]
[Date "2020.12.19"]
[Round "18"]
[White "Wang, Jalen"]
[Black "Wagner, Dennis"]
[Result "1-0"]
[WhiteElo "2123"]
[BlackElo "2581"]
[PlyCount "115"]
[EventDate "2020.12.19"]
[EventType "swiss (blitz)"]
[EventRounds "21"]
[EventCountry "USA"]
[SourceTitle "EXT 2022"]
[Source "ChessBase"]
[SourceDate "2021.10.06"]
[SourceVersion "1"]
[SourceVersionDate "2021.10.06"]
[SourceQuality "1"]

1. d4 c5 2. d5 g6 3. e4 Bg7 4. c3 d6 5. f3 e5 6. Bd3 Qh4+ 7. g3 Qe7 8. Ne2 h5 9. Be3 h4 10. g4 Bh6 11. Qd2 Bxe3 12. Qxe3 Nf6 13. Nd2 Nh7 14. 0-0-0 Qg5 15. Qf2 Nd7 16. h3 0-0 17. Kb1 a6 18. Rhf1 b5 19. Bc2 c4 20. f4 exf4 21. Nf3 Qe7 22. Ned4 Ne5 23. Nxh4 Bd7 24. Nhf3 Rab8 25. Rg1 b4 26. cxb4 Rxb4 27. a3 Rb7 28. Ka1 Rfb8 29. Rb1 Nd3 30. Bxd3 cxd3 31. Rge1 Nf6 32. Qd2 Nxe4 33. Qxd3 Nc5 34. Rxe7 Nxd3 35. b4 Ba4 36. Rxb7 Rxb7 37. Nc6 Rc7 38. Nfd4 Bxc6 39. dxc6 f3 40. Rd1 f2 41. Rf1 Re7 42. Kb1 Re1+ 43. Kc2 Rxf1 44. c7 Re1 45. Kxd3 Kg7 46. c8Q f1Q+ 47. Kd2 Qf2+ 48. Kc3 Re3+ 49. Kc4 Qf1+ 50. Kd5 Qg2+ 51. Kxd6 Qg3+ 52. Kd5 Qe5+ 53. Kc4 Qe4 54. Qc5 Qd3+ 55. Kd5 Qe4+ 56. Kc4 Qxd4+ 57. Qxd4+ Kh7 58. Qxe3 1-0

[Event "Titled Tuesday intern op 17th Nov"]
[Site "Chess.com INT"]
[Date "2020.11.17"]
[Round "1"]
[White "Wang, Jalen"]
[Black "Berdychevskaya, Natasha"]
[Result "1-0"]
[WhiteElo "2123"]
[BlackElo "2208"]
[PlyCount "119"]
[EventDate "2020.11.17"]
[EventType "swiss (blitz)"]
[EventRounds "11"]
[EventCountry "USA"]
[SourceTitle "CBM 199 Extra"]
[Source "ChessBase"]
[SourceDate "2021.01.31"]
[SourceVersion "1"]
[SourceVersionDate "2021.01.31"]
[SourceQuality "1"]

1. d4 d5 2. Bf4 Nc6 3. e3 Bf5 4. Bd3 e6 5. Bxf5 exf5 6. Qd3 Qd7 7. Qb5 0-0-0 8. Nc3 Nf6 9. Nf3 Kb8 10. 0-0 Bd6 11. Bg3 h5 12. Na4 Ne4 13. Qxd5 Bxg3 14. Qxd7 Bxf2+ 15. Rxf2 Rxd7 16. Re2 Re8 17. Rf1 g6 18. b3 b6 19. c4 Kb7 20. d5 Ne5 21. Nd4 Ng4 22. h3 Ne5 23. Rc1 Ng3 24. Rd2 c5 25. Nb5 Nd3 26. Rcd1 Ne5 27. Nac3 a6 28. Na3 f6 29. Nc2 Nf7 30. Kf2 Ne4+ 31. Nxe4 Rxe4 32. Ne1 Nd6 33. Nf3 Re8 34. Re2 Ne4+ 35. Ke1 Nc3 36. Nh4 Nxd1 37. Kxd1 Rg7 38. g3 Re5 39. Kd2 g5 40. Nf3 Re8 41. Ne1 Rge7 42. Nc2 Re4 43. Rf2 R8e5 44. Kd3 b5 45. Rf3 bxc4+ 46. bxc4 g4 47. hxg4 hxg4 48. Rf1 Re8 49. Rh1 R4e7 50. Rh6 Rf8 51. Rh5 Re5 52. Ne1 Kc7 53. Ng2 Kd6 54. Nf4 Rfe8 55. Ng2 Rf8 56. Rh6 Ke7 57. Nf4 Kf7 58. Rh7+ Kg8 59. Rc7 Rfe8 60. Ng2 1-0

[Event "Titled Tuesday intern op 4th Aug 10am"]
[Site "Chess.com INT"]
[Date "2020.08.04"]
[Round "2"]
[White "Chigaev, Maksim"]
[Black "Wang, Jalen"]
[Result "1/2-1/2"]
[WhiteElo "2588"]
[BlackElo "2123"]
[PlyCount "154"]
[EventDate "2020.08.04"]
[EventType "swiss (blitz)"]
[EventRounds "10"]
[EventCountry "USA"]
[SourceTitle "CBM 197 Extra"]
[Source "ChessBase"]
[SourceDate "2020.09.30"]
[SourceVersion "1"]
[SourceVersionDate "2020.09.30"]
[SourceQuality "1"]

1. e4 c6 2. Nf3 d5 3. d3 g6 4. e5 d4 5. c3 Bg4 6. Nbd2 dxc3 7. bxc3 Bg7 8. h3 Bxf3 9. Nxf3 Nh6 10. d4 0-0 11. Bd3 c5 12. 0-0 Nc6 13. Be4 Qc7 14. Rb1 Rad8 15. Be3 Nf5 16. Bxf5 gxf5 17. Qc2 e6 18. Rfd1 cxd4 19. cxd4 Rd5 20. Bg5 Rc8 21. Qe2 b6 22. Qe3 Ne7 23. h4 Qd7 24. h5 Ra5 25. Bf6 h6 26. Qf4 Kh7 27. Bxg7 Kxg7 28. Rbc1 Nd5 29. Qg3+ Kh7 30. Nd2 Rg8 31. Qf3 Rxa2 32. Nc4 Qb5 33. Nd6 Qe2 34. Qxe2 Rxe2 35. Kf1 Rb2 36. Nxf7 Nf4 37. Rc7 Rg7 38. Rxa7 Nxg2 39. d5 exd5 40. e6 Nf4 41. e7 Re2 42. Nd6 Rexe7 43. Rxe7 Rxe7 44. Nxf5 Rb7 45. Rd4 Ne6 46. Rxd5 b5 47. Rd6 Nf4 48. Rxh6+ Kg8 49. Nd6 Rb6 50. Rf6 Nxh5 51. Rf5 Ng7 52. Rd5 b4 53. Nc4 Rb8 54. Nb2 b3 55. Rd3 Kf7 56. Rf3+ Ke6 57. Ke2 Nf5 58. Rd3 Ke5 59. Kd2 Rb7 60. Nc4+ Kf6 61. Kc3 Rc7 62. Kxb3 Rb7+ 63. Kc3 Rc7 64. Rd1 Rh7 65. Ra1 Rh2 66. Ra6+ Kf7 67. Ra2 Kf6 68. Nd2 Nd6 69. Nf3 Rh3 70. Kd3 Rxf3+ 71. Ke2 Rf5 72. Ra6 Ke6 73. f3 Re5+ 74. Kf2 Kd5 75. Kg3 Ke6 76. Kf4 Rb5 77. Ke3 Rb3+ 1/2-1/2